00880nam a2200205 a 450000500170000000800410001702000180005805000240007624500480010026000590014830000170020744000160022452001820024065000360042265000300045865000290048865000220051799900190053995201160055820140412111250.0030414s19uu xx 00 eng d a0-8094-9950-9 aTR(GS 510bH66 1992 aHow do octopi eat pizza pie? :bpizza math. aAlexandria, Virginia :bTime Life for Children,c1992. a63 p. ; ill. aI Love Math aA collection of stories, poems, games, and activities, all focusing on food, introduce such basic mathematical skills as number awareness, addition, subtraction, and estimation. aMathematics-Juvenile literature aFood--Juvenile literature aMathematical recreations aFood--Miscellanea c103106d103106 00104050aELbELcTRd2003-04-14eDonationl0oTR(GS 510 H66 1992pE3877r2014-04-12 00:00:00w2014-04-12yBK